000 00706nam a2200289Ia 4500
005 20260324144451.0
008 008 260324s9999 xx 000 0 eng d
020 _a9781315130118
037 _aEBOOK
040 _aCRL
040 _beng
040 _cCRL
041 _2eng
041 _aeng
084 _qCRL
100 _aVictor Alba
_91219428
245 0 _aSpanish Marxism versus Soviet Communism
245 2 _bA History of the P.O.U.M. in the Spanish Civil War
260 _bTaylor and Francis
260 _c1988
365 _a
365 _b170
856 _uhttp://www.taylorfrancis.com/books/9781315130118
942 _cEBOOK
999 _c1826079
_d1826079